Financial markets and services / (Record no. 158565)

MARC details
000 -LEADER
fixed length control field 00700nam a22002057a 4500
005 - DATE AND TIME OF LATEST TRANSACTION
control field 20181106143500.0
010 ## - LCCN (DPL NO)
LC control number ENG-124498
020 ## - INTERNATIONAL STANDARD BOOK NUMBER
International Standard Book Number 9789387871779
Terms of availability 175.00
035 ## - SYSTEM CONTROL NUMBER
System control number EN-108030
037 ## - SOURCE OF ACQUISITION
Source of stock number/acquisition DBAD/PUB
082 ## - DEWEY DECIMAL CLASSIFICATION NUMBER
Classification number 332
100 ## - MAIN ENTRY--PERSONAL NAME
Personal name Jebadurai, D.Joel
245 ## - TITLE STATEMENT
Title Financial markets and services /
Statement of responsibility, etc by D.Joel Jebadurai...[et.all.]
260 ## - PUBLICATION, DISTRIBUTION, ETC. (IMPRINT)
Place of publication, distribution, etc Madurai (Tamil Nadu)
Name of publisher, distributor, etc Shanlax Publications
Date of publication, distribution, etc 2018
270 ## - ADDRESS
Address 61, T.P.K. Main road, Vasantha Nagar,
City Madurai (Tamil Nadu)
Postal code 625003
300 ## - PHYSICAL DESCRIPTION
Extent 204p.
Dimensions 24cm(pbk)
500 ## - GENERAL NOTE
General note (For the course of B.COM, M.COM Students of Universities and Colleges)
700 ## - ADDED ENTRY--PERSONAL NAME
Personal name Jebadurai, D. Joel
942 ## - ADDED ENTRY ELEMENTS (KOHA)
Source of classification or shelving scheme Dewey Decimal Classification
Item type English Books
Classification part 332
Call number suffix JEB
Holdings
Withdrawn status Lost status Not for loan Collection code Home library Current library Date acquired Source of acquisition Cost, normal purchase price Full call number Barcode Copy number Cost, replacement price Koha item type
    Not For Loan Non-fiction D.B.Act.Division Bawana 05/11/2018 DBAD/PUB 175.00 332 JEB EN-108030 1 175.00 English Books

© Delhi Public Library
Hit Counter
free hit counter